000 00697nam a2200217 a 4500
001 12264
003 CO-ViMGA
008 141112s2004 ck r 000 u spa d
020 _a8408021605
040 _aCO-ViMGA
_bspa
_cCO-ViMGA
082 0 4 _a927 A54d
100 1 _aAlier, Roger
_917460
245 1 0 _aLa Discoteca Ideal de Interpretes :
_blas grandes figuras de la musica clasica y sus mejores grabaciones
260 _aBarcelona,
_cEd. Planeta,
_c1997
300 _a577 p.
490 _aEnciclopedias Planeta
590 _aPrecio : 58.900 - - Fecha de adquisición : Ag.23, 2000
650 1 4 _aMUSICA CLASICA - DISCOGRAFIA
_917461
650 1 4 _aMUSICOS - BIOGRAFIA
_917462
942 _2ddc
_cBK
999 _c23276
_d23276